Regulačné mechanizmy biosyntetickej dráhy vedúcej k tvorbe mitochondriálneho fosfolipidu kardiolipínu u kvasiniek dizertačná práca

Salvato in:
Dettagli Bibliografici
Autore principale: Pokorná, Lucia
Natura: Libro
Lingua:slovacco
Pubblicazione: Bratislava STU FCHPT 2018
Accesso online:Visualizza in OPAC
Tags: Aggiungi Tag
Nessun Tag, puoi essere il primo ad aggiungerne!!

MARC

LEADER 00000nam a2200000 a 4500
005 20260127134341.0
008 200520 2018 xo a 001 0 slo d
035 |a vtls011967801 
039 9 |y 202005201017  |z mschk03 
040 |a STUSCHK1  |b slo  |c STUSCHK1  |e AACR2 
100 1 |a Pokorná, Lucia 
245 1 |a Regulačné mechanizmy biosyntetickej dráhy vedúcej k tvorbe mitochondriálneho fosfolipidu kardiolipínu u kvasiniek  |b dizertačná práca  |c Lucia Pokorná 
260 |a Bratislava  |b STU FCHPT  |c 2018 
300 |a 107 s.  |b Obr., tab.  |c 25 cm 
500 |a Študijný program: biochémia 
500 |a Študijný odbor: biochémia 
500 |a Školiace pracovisko: Śtav biochémie a mikrobiológie 
500 |a Evid. číslo: FCHPT-19982-16197 
910 |a SCHK95 
999 |c 10567  |d 10567